ბათუმის შოთა რუსთაველის სახელმწიფო უნივერსიტეტის ბიბლიოთეკა

თედო ჟორდანია - საქართველოს ისტორიის მკვლევარი : (ბიბ.ჩანაწერი № 60144)

000 -ლიდერი
ფიქსირებული სიგრძის საკონტროლო ველი 01204nam a22002417a 4500
003 - საკონტროლო ნომრის იდენტიფიკატორი
საკონტროლო ველი Ge_BSU
005 - ბოლო ოპერაციის თარიღი და დრო
საკონტროლო ველი 20230612173550.0
008 - ფიქსირებული სიგრძის მონაცემთა ელემენტები - ზოგადი ინფორმაცია
ფიქსირებული სიგრძის საკონტროლო ველი 230612s2004 ge ||||| |||| 00| 0 geo d
020 ## - წიგნის საერთაშორისო სტანდარტული ნომერი
International Standard Book Number 9994020536
041 ## - ენის კოდი
Language code of text/sound track or separate title geo
080 ## - უნივერსალური ათობითი კლასიფიკაციის ინდექსი
Universal Decimal Classification number 930(479.22)(092) ნ-16
100 ## - მთავარი ჩანაწერი - პიროვნების სახელი
Personal name ნადირაძე, ქეთევან
9 (RLIN) 18655
245 ## - ცნობა სათაურის შესახებ
Title თედო ჟორდანია - საქართველოს ისტორიის მკვლევარი :
Remainder of title (ისტორიული ნარკვევი) /
Statement of responsibility, etc ქეთევან ნადირაძე ; [რედ. ნ. ვაჩნაძე].
264 ## - წარმოების, გამოცემის, დისტრიბუციის და სხვა ცნობები
გამოცემის, წარმოების, დისტრიბუციის... ადგილი თბილისი :
გამოცემის, წარმოების, დისტრიბუციის... სახელწოდება თბილ. უნ-ტის გამ-ბა,
გამოცემის, წარმოების, დისტრიბუციის... თარიღი 2004.
300 ## - ფიზიკური აღწერა
Extent 272 გვ. ;
Other physical details 20 სმ.
504 ## - BIBLIOGRAPHY, ETC. NOTE
Bibliography, etc ბიბლიოგრ.: გვ. 248-270.
520 ## - SUMMARY, ETC.
Summary, etc რეზ. რუს. და ინგლ. ენ.
653 ## - INDEX TERM--UNCONTROLLED
Uncontrolled term ჟორდანია, თედო.
653 ## - INDEX TERM--UNCONTROLLED
Uncontrolled term ქართველი ისტორიკოსები
653 ## - INDEX TERM--UNCONTROLLED
Uncontrolled term საქართველოს ახალი ისტორია
700 ## - ADDED ENTRY--PERSONAL NAME
Personal name ვაჩნაძე, ნ.
Relator term რედაქტორი
9 (RLIN) 12849
942 ## - ADDED ENTRY ELEMENTS (KOHA)
Source of classification or shelving scheme
Koha item type წიგნი
ეგზემპლარები
ჩამოწერის სტატუსი დაკარგული ეგზემპლარის სტატუსი კლასიფიკაციის წყარო ან თაროზე გაწყობის სქემა დაზიანების სტატუსი არ გაიცემა მუდმივი მდებარეობა (დაცვის ადგილი) ამჟამინდელი ადგილსამყოფელი თაროზე განთავსების ადგილი შეძენის თარიღი ღირებულება, შესყიდვის ნორმალური ფასი სრული შენახვის შიფრი შტრიხკოდი ბოლო ოპერაციის თარიღი ეგზემპლარის მიმდევრობითი ნომერი (კეტერი?) Uniform Resource Identifier ფასის ძალაში შესვლის თარიღი ეგზემპლარის სახეობა საჯარო შენიშვნა
          ბათუმის შოთა რუსთაველის სახელმწიფო უნივერსიტეტის მთავარი ბიბლიოთეკა ბათუმის შოთა რუსთაველის სახელმწიფო უნივერსიტეტის მთავარი ბიბლიოთეკა წიგნსაცავი 2023-06-12 8.00 930(479.22)(092) ნ-16 64601 2023-06-12 64601 ბსუ-ს საპატიო დოქტორის გურამ ლორთქიფანიძის საჩუქარი 2023-06-12 წიგნი 8 ლ.